[Event "Harrogate 4NCL op-B 29th"]
[Site "Harrogate"]
[Date "2023.01.22"]
[Round "4"]
[White "Waite, Nicholas"]
[Black "Butterworth, Paul"]
[Result "0-1"]
[WhiteElo "1437"]
[BlackElo "1785"]
[PlyCount "71"]
[EventDate "2023.01.20"]
[EventType "swiss"]
[EventRounds "5"]
[EventCountry "ENG"]
[SourceTitle "CBM 212 Extra"]
[Source "ChessBase"]
[SourceDate "2023.03.31"]
[SourceVersion "1"]
[SourceVersionDate "2023.03.31"]
[SourceQuality "1"]

1. d4 Nf6 2. Bf4 g6 3. e3 Bg7 4. Nf3 0-0 5. h3 d6 6. Be2 Nfd7 7. 0-0 Nc6 8. c4 e5 9. Bh2 h6 10. Nc3 f5 11. Re1 g5 12. c5 Kh7 13. cxd6 cxd6 14. dxe5 dxe5 15. Nd5 Nb6 16. Nxb6 Qxb6 17. Rb1 Rd8 18. Qc1 e4 19. Nd2 Be6 20. Nc4 Qb4 21. b3 Rac8 22. a3 Qe7 23. Rd1 Na5 24. Rxd8 Qxd8 25. Qd1 Qxd1+ 26. Bxd1 Nxc4 27. bxc4 Rxc4 28. Bb3 Rc6 29. Bxe6 Rxe6 30. Rxb7 a6 31. h4 gxh4 32. Bf4 Kg6 33. a4 Bc3 34. Rc7 Ba5 35. Rc8 Kf7 36. Rh8 0-1